| 000 | 01423nam a22003137a 4500 | ||
|---|---|---|---|
| 999 |
_c11507 _d11507 |
||
| 003 | AR-CdUCM | ||
| 008 | 190404b ||||| |||| 00| 0 spa d | ||
| 040 |
_aMUNICIPALIDAD PROVINCIAL DEL CUSCO _cBIBLIOTECA MUNICIPAL DEL CUSCO |
||
| 082 |
_aES / 036 / _bT31 |
||
| 100 |
_aBragg, Lawrence _928917 |
||
| 110 |
_aEditorial Codex _928918 |
||
| 245 | _aTecnirama enciclopedia de la ciencia y la tecnologia / | ||
| 260 |
_aMexico : _bCodex, _c1965. |
||
| 300 |
_a10 volumenes ; _c30 cm. |
||
| 440 |
_aTecnirama _n8 _928919 |
||
| 500 | _acontenido de todos los tomo en nota de contenido | ||
| 505 | _aContenido: Quimica atomica -- biologia -- magnetismo -- panoramas cientificos -- hidrostatica -- astronomia -- electricidad -- instrumental cientifico -- sabios ilustres -- taxonomia -- tecnologia -- tecnologia agricola -- optica -- cosmografia -- ciencias aplicada -- oceanografia -- quimica organica -- quimica inorganica -- fisica del calor -- fisica general -- fisiologia -- fisica nuclear -- mineraloga -- medicina -- nuevas realidades -- nuevos terminos... | ||
| 650 |
_aCiencia _92098 |
||
| 650 |
_aTecnologia _91571 |
||
| 650 |
_aEnciclopedia _918213 |
||
| 650 |
_aJuvenil _927913 |
||
| 650 |
_aTexto educativo _925832 |
||
| 700 |
_aChadwick, James _928920 |
||
| 700 |
_aMelville, Harry _928921 |
||
| 700 |
_aYoung, J. G. _928922 |
||
| 700 |
_aFisher, Norman _928923 |
||
| 942 |
_2ddc _cLIBROS |
||
| 945 | _apjha | ||